Drużyny ligi bułgarskiej - Statystyki

Ogólne statystyki
  • Ten quiz został rozwiązany 11 razy
  • Średni wynik to 6 z 16
Statystyki odpowiedzi
Klub % Poprawnych
CSKA Sofia
82%
Lewski Sofia
64%
Arda Kyrdżali
55%
Botew Płowdiw
55%
Łudogorec Razgrad
55%
Botew Wraca
45%
CSKA 1948 Sofia
45%
Czerno More Warna
45%
Sławia Sofia
45%
Spartak Warna
45%
Łokomotiw Płowdiw
27%
Łokomotiw Sofia
27%
Boroe
9%
Dobrudża Dobricz
9%
FK Montana
9%
Septemwri Sofia
9%
Nie znaleziono quizów pasujących do podanych kryteriów
Rozkład punktacji
Procent ludzi z każdym wynikiem
Percentyl według liczby udzielonych odpowiedzi
Twoja historia wyników
Nie rozwiązałeś tego quizu